| Tag |
First Indicator |
Second Indicator |
Subfields |
| LEADER |
00000cam a2200000 a 4500 |
| 001 |
in00001571821 |
| 005 |
20151022085322.0 |
| 008 |
991210s2000 nyua b 001 0ceng |
| 010 |
|
|
|a 99089782
|
| 020 |
|
|
|a 0312217579
|
| 035 |
|
|
|a (OCoLC)ocm43083485
|
| 040 |
|
|
|a DLC
|c DLC
|d TXA
|d UtOrBLW
|
| 043 |
|
|
|a n-us---
|
| 049 |
|
|
|a TXAM
|
| 050 |
0 |
0 |
|a PN2286
|b .G55 2000
|
| 082 |
0 |
0 |
|a 791/.089/96073
|2 21
|
| 100 |
1 |
|
|a Gill, Glenda Eloise.
|
| 245 |
1 |
0 |
|a No surrender! No retreat! :
|b African American pioneer performers of twentieth-century American theater /
|c Glenda E. Gill.
|
| 250 |
|
|
|a 1st ed.
|
| 264 |
|
1 |
|a New York :
|b St. Martin's Press,
|c 2000.
|
| 300 |
|
|
|a xxiii, 230 pages :
|b illustrations ;
|c 22 cm.
|
| 336 |
|
|
|a text
|b txt
|2 rdacontent
|
| 337 |
|
|
|a unmediated
|b n
|2 rdamedia
|
| 338 |
|
|
|a volume
|b nc
|2 rdacarrier
|
| 504 |
|
|
|a Includes bibliographical references and index.
|
| 650 |
|
0 |
|a African American entertainers
|v Biography.
|
| 948 |
|
|
|a cataloged
|b h
|c 2000/11/16
|d c
|e dmitchel
|f 8:38:46 am
|
| 994 |
|
|
|a E0
|b TXA
|
| 999 |
|
|
|a MARS
|
| 999 |
f |
f |
|s 75f5415d-4cd4-3ff5-9f29-6758dfa3196a
|i 023a3aac-0558-3e87-b812-91c08f151617
|t 0
|
| 952 |
f |
f |
|p ric
|a Texas A&M University
|b Rellis Campus
|c Joint Library Facility
|d Remote Storage
|t 0
|e PN2286 .G55 2000
|h Library of Congress classification
|i unmediated -- volume
|m A14827052936
|
| 998 |
f |
f |
|a PN2286 .G55 2000
|t 0
|l Remote Storage
|